Name the Vegetables by Picture - Statistics

General Stats
  • This quiz has been taken 139 times
  • The average score is 14 of 16
Answer Stats
Picture Answer % Correct
Carrot
100%
Cucumber
99%
Potato
99%
Tomato
99%
Bell pepper
98%
Onion
98%
Ginger
93%
Garlic
92%
Lettuce
91%
Cauliflower
87%
Spinach
85%
Beet
84%
Squash
82%
Broccoli
80%
Peas
72%
Kale
65%
No matching quizzes found
Score Distribution
Percent of People with Each Score
Percentile by Number Answered
Your Score History
You have not taken this quiz